| 000 | 00491nam a2200193Ia 4500 | ||
|---|---|---|---|
| 008 | 210210b2019 xxu||||| |||| 00| 0 eng d | ||
| 020 | _a9789331327253 | ||
| 041 | _aeng | ||
| 082 | _a574.192028 BIRP | ||
| 100 | _aBIRADAR (Vijaykumar) | ||
| 245 | _aPractical biochemistry | ||
| 260 |
_aNew Delhi _bAPH Publishing Corporation _c2019 |
||
| 300 | _axix,292 | ||
| 650 | _aPractical | ||
| 650 | _abiochemistry | ||
| 690 | _aBiochemistry | ||
| 700 | _aSAMSHE (Ashwini) | ||
| 906 | _a074131 | ||
| 999 |
_c123843 _d123843 |
||